Представление документа в формате MARC21

Поле Инд. ПП Название Значение
Тип записи a
Библиографический уровень m
001 Контрольный номер RU/IS/BASE/263562473
005 Дата корректировки 20250328143255.8
008 Кодируемые данные 19950620
040 00 e Правила каталог. Л 950620Г
084 a Индекс другой классификации/Индекс ББК 84(4Вел)52-44
090 00 a Полочн. индекс 84(4Вел)52-44
x Авторский знак Д 454
097 00 a 210
100 10 a Автор Диккенс Ч.
q Полное имя Диккенс Чарльз
245 00 a Заглавие Большие надежды
c Ответственность перевод с английского М. Ф. Лорие
260 00 a Место издания Москва
b Издательство Детская литература
c Дата издания 1957
300 00 a Объем 408 с.
336 a Термин вида содержания Текст
337 a Термин типа средства непосредственный
440 00 a Серия Школьная библиотека
650 a Основная рубрика художественная литература
653 00 a Ключевые слова XIX век
a Ключевые слова английская литература
a Ключевые слова Великобритания
655 00 a Жанр/ форма (устаревшее) проза
700 10 a Автор Лорие М. Ф.
e Роль лиц переводчик
787 w Контрольный номер связываемой записи RU/IS/BASE/264546013
w Контрольный номер связываемой записи RU/IS/BASE/415196006
w Контрольный номер связываемой записи RU/IS/BASE/503064059
901 t Тип документа m
952 a Тип литературы для КСУ ВШ ЛХИ